[Event "Open"]
[Site "Verona ITA"]
[Date "2006.01.09"]
[Round "9"]
[White "Naumkin,I"]
[Black "Scharrer,P"]
[Result "0-1"]
[WhiteElo "2445"]
[BlackElo "2210"]

1.d4 Nf6 2.Nf3 g6 3.c4 Bg7 4.Nc3 d6 5.e4 O-O 6.Be2 e5 7.d5 Na6 8.O-O Nc5
9.Qc2 a5 10.Bg5 h6 11.Be3 Nh5 12.g3 b6 13.b3 Qe8 14.a3 f5 15.exf5 gxf5 16.b4 axb4
17.axb4 Rxa1 18.Rxa1 Na6 19.Rb1 e4 20.Nh4 f4 21.Bxh5 Qxh5 22.Bxf4 Rxf4 23.gxf4 Qxh4
24.Nxe4 Bf5 25.f3 Nxb4 26.Qg2 Nd3 27.Qg3 Qxf4 28.Kh1 Nf2+  0-1

[Event "Petrovskaya Ladya IM"]
[Site "Peterhof RUS"]
[Date "2006.01.11"]
[Round "11"]
[White "Lupik,M"]
[Black "Utkin,Alek"]
[Result "0-1"]
[WhiteElo "2226"]
[BlackElo "2378"]

1.d4 Nf6 2.c4 d6 3.Nf3 g6 4.Nc3 Bg7 5.e4 O-O 6.Be2 Nbd7 7.O-O e5 8.Be3 c6
9.h3 Qe7 10.d5 c5 11.a3 Ne8 12.b4 f5 13.bxc5 dxc5 14.Bg5 Ndf6 15.exf5 gxf5
16.Rb1 Nd6 17.Re1 h6 18.Bh4 e4 19.Bf1 Qf7 20.Nd2 Nd7 21.Nb5 Nxb5 22.Rxb5 b6
23.Be2 Be5 24.Rb3 Kh8 25.Nf1 Rg8 26.Ng3 Qg6 27.Bf1 Nf6 28.a4 Bd7 29.Ra3 Rae8
30.Qc2 Nh5 31.Qd2 Rg7 32.Nxh5 Qxh5 33.Bg3 Bxg3 34.Rxg3 Rxg3 35.fxg3 Qg5 36.Qc3+ Qg7
37.Qxg7+ Kxg7 38.Kf2 Kf6 39.Ra1 a5 40.Be2 Ke5 41.Ra3 Kd4 42.Bf1 Rf8 43.Be2 Rf6
44.Bf1 f4 45.gxf4 Rxf4+ 46.Ke1 h5 47.Be2 h4 48.Bf1 Rf6 49.Be2 Rg6 50.Kf2 Ke5
51.Ra1 Kf4 52.Ra2 Bf5 53.Bf1 Ke5 54.Rd2 Bd7 55.Ra2 Kd4 56.Be2 Rf6+ 57.Ke1 Kc3
58.Ra3+ Kb4 59.Re3 Rf4 60.g3 hxg3 61.Rxg3 Bxa4 62.Rg6 b5 63.Rb6 e3 64.cxb5 c4
65.d6 Rd4 66.Bg4 c3 67.d7 c2 68.Rc6 Rd1+  0-1

[Event "4th I.Platonov Mem"]
[Site "Kyiv UKR"]
[Date "2006.01.13"]
[Round "6"]
[White "Shishkin,Va UKR"]
[Black "Moliboga,V"]
[Result "1-0"]
[WhiteElo "2545"]
[BlackElo "2322"]

1.d4 Nf6 2.c4 g6 3.Nc3 Bg7 4.e4 d6 5.Be2 O-O 6.Nf3 e5 7.Be3 h6 8.O-O Nbd7
9.dxe5 dxe5 10.Qc1 Kh7 11.Rd1 Re8 12.c5 c6 13.Nd2 Qe7 14.Nc4 Nf8 15.f3 Nh5
16.Nd6 Rd8 17.Bc4 Be6 18.Ne2 b5 19.Bxe6 Nxe6 20.a4 a6 21.axb5 axb5 22.b4 Nhf4
23.Qb2 Nxe2+ 24.Qxe2 Nd4 25.Bxd4 exd4 26.Rxa8 Rxa8 27.f4 Ra4 28.e5 Rxb4 29.Qe4 Qa7
30.Qxc6 d3 31.Rf1 Rb2 32.Qd5 d2 33.Ne4 Bf8 34.Kh1 Qa2 35.Qxa2 Rxa2 36.Rd1 Rc2
37.Nxd2 Bxc5 38.g3 Be3 39.Ne4 Rc1 40.Rxc1 Bxc1 41.Kg2 b4 42.Nc5 Be3 43.Nb3 h5
44.Kf3 Bb6 45.h3 Kg7 46.g4 hxg4+ 47.hxg4 f6 48.Ke4 Kf7 49.Kd5 fxe5 50.fxe5 Ke7
51.e6 Be3 52.Na5 Ke8 53.Kd6 Bg5 54.Nb3 Be7+ 55.Kd5 Bf6 56.Na5 Bg5 57.Ke5 Bd8
58.Nb3 Bg5 59.Kd5 Be7 60.Kc4 Kd8 61.Nd4 Kc7 62.Kd5 Kb6 63.Nb3 Kc7 64.Nd4 Kb6
65.Nf3 b3 66.Nd2 Kc7 67.Nxb3 Kd8 68.Nd4 Kc8 69.Nc6 Ba3 70.Ne5 g5 71.Ng6 Bb2
72.Ke4 Kd8 73.Kf5 Ke8 74.Kxg5 Kd8 75.Kf5  1-0

[Event "13th I.Stepichev Mem"]
[Site "Kyiv UKR"]
[Date "2006.01.14"]
[Round "8"]
[White "Nikolaev,L"]
[Black "Kruglyakov,P"]
[Result "1/2-1/2"]
[WhiteElo "2314"]
[BlackElo "2238"]

1.Nf3 Nf6 2.c4 g6 3.Nc3 Bg7 4.e4 d6 5.d4 O-O 6.Be2 e5 7.Be3 Ng4 8.Bg5 f6
9.Bh4 Nd7 10.h3 Nh6 11.dxe5 dxe5 12.O-O Nf7 13.Qc2 c6 14.b4 Qe7 15.Rab1 Rd8
16.Rfd1 Nf8 17.Rxd8 Qxd8 18.c5 Ne6 19.Bc4 Qe8 20.Rd1 Nf8 21.Na4 Be6 22.Nb2 b5  1/2-1/2

[Event "2nd Bundesliga Ost 2005-6"]
[Site "Austria AUT"]
[Date "2006.01.15"]
[Round "6"]
[White "Beckhuis,G"]
[Black "Neumeier,K"]
[Result "1/2-1/2"]
[WhiteElo "2322"]
[BlackElo "2275"]

1.d4 Nf6 2.c4 g6 3.Nc3 Bg7 4.e4 d6 5.Nf3 O-O 6.Be2 e5 7.O-O Na6 8.Be3 Ng4
9.Bg5 Qe8 10.h3 h6 11.Bc1 exd4 12.Nxd4 Nf6 13.Bf3 Nh7 14.Re1 Ng5 15.Bg4 Ne6
16.Nf5 gxf5 17.exf5 Nac5 18.Nd5 Qd8 19.fxe6 fxe6 20.Nf4 Qf6 21.Qe2 Qd4 22.Nh5 Qd3
23.Nxg7 Kxg7 24.b4 Qxe2 25.Bxe2 Ne4 26.f4 Ng3 27.Bd3 h5 28.c5 Bd7 29.Bc4 Rae8
30.cxd6 cxd6 31.Be3 h4 32.Rad1 d5 33.Bd3 a6 34.Rc1 Rc8 35.Bd4+ Kf7 36.Bc5 Rfe8
37.Re5 b6 38.Be3 Rxc1+ 39.Bxc1 Bb5 40.Bxb5 axb5 41.Kf2 Rc8 42.Be3 Rc2+ 43.Kf3 Rxa2
44.Bxb6 Rc2 45.Re1 Rc3+ 46.Re3 Rc4 47.Bc5 Kf6 48.Kg4 Nf5 49.Ra3 Rc2 50.Kf3 Ng3
51.Ra7 Rc3+ 52.Kg4 Nf5 53.Bf2 Rc4 54.Bc5 d4 55.Ra3 Rc2 56.Kf3 Rd2 57.Bb6 d3
58.Bf2 Rd1 59.Ra2 Rb1 60.Bc5 Rf1+ 61.Ke4 Rd1 62.Bd4+ Kg6 63.Bc3 Ng3+ 64.Ke5 Rc1
65.Bd2 Rc2 66.Rxc2 dxc2 67.Kxe6 Nf5 68.Kd5 Ng3 69.Ke6 Ne2 70.Kd5 c1=Q 71.Bxc1 Nxc1
72.Kc6 Nd3 73.Kxb5 Kf5 74.Kc4  1/2-1/2

[Event "Winter Cup"]
[Site "Bucharest ROM"]
[Date "2006.01.16"]
[Round "3"]
[White "Dumitrache,D"]
[Black "Golubev,M"]
[Result "1/2-1/2"]
[WhiteElo "2476"]
[BlackElo "2517"]

1.d4 Nf6 2.c4 g6 3.Nc3 Bg7 4.e4 d6 5.Be2 O-O 6.Nf3 e5 7.Be3 exd4 8.Nxd4 Re8
9.f3 c6 10.Qd2 d5 11.exd5 cxd5 12.O-O Nc6 13.Rad1 Nxd4 14.Bxd4 dxc4 15.Bxc4 Be6
16.Bb5 Rf8 17.Bc5 Qxd2 18.Rxd2 Rfc8 19.Be3 a6  1/2-1/2

[Event "4th Parsvnath Open"]
[Site "New Delhi IND"]
[Date "2006.01.17"]
[Round "5"]
[White "Mohota,N"]
[Black "Iswarya,S"]
[Result "1-0"]
[WhiteElo "2318"]
[BlackElo "2150"]

1.d4 Nf6 2.c4 g6 3.Nc3 Bg7 4.e4 d6 5.Nf3 O-O 6.Be2 e5 7.Be3 Nc6 8.d5 Ne7
9.Nd2 Nd7 10.b4 f5 11.f3 Nf6 12.c5 f4 13.Bf2 g5 14.cxd6 cxd6 15.Nc4 Ne8 16.Nb5 a6
17.Bb6 Qd7 18.Ba5 Rb8 19.Nb6 Qd8 20.Na3 Ng6 21.Nac4 Qe7 22.O-O Bd7 23.Nxd7 Qxd7
24.Nb6 Qe7 25.Rc1 Rf7 26.Rc4 Nf8 27.Qc2 Nd7 28.Rc1 Nxb6 29.Bxb6 Qf8 30.Rc8 Rxc8
31.Qxc8 Nf6 32.Qe6 Nd7 33.Bc7 Qc8 34.Rc4 Qa8 35.Bxd6 Qa7+ 36.Bc5 Nxc5 37.bxc5 Bf8
38.d6 b6 39.Rc2 bxc5 40.Bc4 Qb7 41.Qxf7+ Qxf7 42.d7 Be7 43.Kf1 Bd8 44.Ke2 a5
45.Bxf7+ Kxf7 46.Rxc5 Ke6 47.Rd5  1-0

[Event "Open A"]
[Site "Prague CZE"]
[Date "2006.01.17"]
[Round "6"]
[White "Tejkal,J"]
[Black "Weinwurm,W"]
[Result "1/2-1/2"]
[WhiteElo "2052"]
[BlackElo "2127"]

1.d4 Nf6 2.Nf3 g6 3.c4 Bg7 4.Nc3 O-O 5.e4 d6 6.Be2 Nbd7 7.O-O e5 8.Re1 c6
9.d5 c5 10.a3 Ne8 11.b4 h6 12.g3 f5 13.Nh4 Qf6 14.exf5 gxf5 15.Bd2 e4 16.Rc1 b6
17.Ng2 Ne5 18.Nf4 cxb4 19.axb4 Bd7 20.b5 Rc8 21.Na2 a5 22.bxa6 Ra8 23.Nb4 Nc7
24.Bc3 Qg5 25.h4 Qd8 26.Qb3 Kh7 27.Kg2 Bf6 28.Rh1 Rg8 29.Kf1 e3 30.Ra1 b5
31.cxb5 Bxb5 32.Bxb5 Nxb5 33.Bxe5 Bxe5 34.Nc6 Qf6 35.Nxe5 Qxe5 36.Re1 Qe4
37.Rh2 Nd4 38.Qb7+ Rg7 39.Qxa8 Nf3 40.Rg2 Nd2+ 41.Ke2 Qf3+ 42.Kd3 Qe4+ 43.Ke2 Qf3+  1/2-1/2

[Event "Open A"]
[Site "Prague CZE"]
[Date "2006.01.18"]
[Round "7"]
[White "Clery,N"]
[Black "Vokac,M"]
[Result "0-1"]
[WhiteElo "2254"]
[BlackElo "2445"]

1.d4 g6 2.c4 Bg7 3.e4 d6 4.Nc3 Nf6 5.Nf3 O-O 6.Be2 e5 7.d5 a5 8.Bg5 h6 9.Bh4 Na6
10.Nd2 h5 11.O-O Bh6 12.f3 Be3+ 13.Kh1 g5 14.Be1 h4 15.Bf2 Bc5 16.a3 Nh5
17.Kg1 Qf6 18.Rb1 Qf4 19.Bxc5 Nxc5 20.Nb5 h3 21.g4 Ng3 22.Rf2 Bd7 23.Nf1 Nxf1
24.Bxf1 Bxb5 25.cxb5 a4 26.Bc4 Kg7 27.Qd2 b6 28.Rc1 Rae8 29.Rc3 Rh8 30.Kf1 Rh4
31.Qe3 Reh8 32.Ke1 R8h6 33.Ke2 Rf6 34.Ke1 Rh8 35.Ke2 Re8 36.Ke1 Rh6 37.Kf1 Qf6
38.Kg1 Qd8 39.Rc1 Rh4 40.Kf1 Rg8 41.Rcc2 Kh6 42.Ke1 Rg6 43.Rc1 Rf6 44.Ke2 Rf4
45.Rg1 Kg7 46.Rg3 Kf6 47.Ke1 Qh8 48.Ke2 Ke7 49.Rf1 Qh6 50.Rfg1 f5 51.gxf5 Nxe4
52.Rg4 Rhxg4 53.Rxg4 Nf6 54.Rxf4 gxf4 55.Qg1 Kf7 56.Kd2 Qg7 57.Qxg7+ Kxg7
58.Bf1 Nxd5 59.Bxh3 Ne3 60.f6+ Kxf6 61.Kd3 d5 62.Bd7 Nf5 63.Ke2 Nd4+ 64.Kf2 e4
65.fxe4 dxe4 66.Bg4 Kg5 67.Bd1 e3+ 68.Ke1 f3 69.Bxa4 Kf4 70.Bd1 e2 71.Bxe2 fxe2
72.Kf2 Ke4  0-1

[Event "Open"]
[Site "Zagreb CRO"]
[Date "2006.01.18"]
[Round "5"]
[White "Kozul,Z"]
[Black "Jankovic,A"]
[Result "0-1"]
[WhiteElo "2576"]
[BlackElo "2446"]

1.d4 Nf6 2.c4 g6 3.Nc3 Bg7 4.e4 d6 5.Nf3 O-O 6.Be2 e5 7.O-O Na6 8.Be3 Ng4
9.Bg5 Qe8 10.h3 h6 11.Bc1 exd4 12.Nxd4 Nf6 13.Bd3 Nc5 14.Bc2 Ncxe4 15.Nxe4 Nxe4
16.Nb5 Qc6 17.Bxe4 Qxe4 18.Nxc7 Rb8 19.Qxd6 b6 20.Qf4 Bb7 21.Nd5 Bxd5 22.cxd5 Qxd5
23.Qa4 b5 24.Qa5 Qd4 25.Be3 Qa4 26.Qxa7 Qxa7 27.Bxa7 Ra8 28.Be3 Bxb2 29.Rab1 Rxa2
30.Rfd1 Rfa8 31.Bxh6 b4 32.Be3 b3 33.g4 Ra1 34.Kg2 Bg7 35.Bh6 Bh8 36.Rxa1 Rxa1
37.Rd8+ Kh7 38.Be3 Bc3 39.Bd2 Bg7  0-1

[Event "Open"]
[Site "Zagreb CRO"]
[Date "2006.01.19"]
[Round "6"]
[White "Loncar,R"]
[Black "Armanda,I"]
[Result "1/2-1/2"]
[WhiteElo "2371"]
[BlackElo "2343"]

1.d4 Nf6 2.c4 g6 3.Nc3 Bg7 4.e4 d6 5.Nf3 O-O 6.Be2 e5 7.Be3 exd4 8.Nxd4 Re8
9.f3 c6 10.Bf2 Na6 11.O-O Nc7 12.Qd2 Ne6 13.Rfd1 Nxd4 14.Bxd4 Be6 15.Bf1 Qc7
16.Rac1 Rad8 17.Qf2 c5 18.Be3 a6 19.Qh4 Nd7 20.Rc2 Ne5 21.Bg5 Rd7 22.Nd5 Bxd5
23.cxd5 f6 24.Bd2 b5 25.Qf2 Rf7 26.a4 Qd7 27.axb5 axb5 28.Kh1 f5 29.Re1 fxe4
30.Rxe4 Ref8 31.Qe1 b4 32.b3 Qf5 33.Be2 Ra7 34.Rc1 Ra2 35.h3 Kh8 36.Rf4 Qc8
37.Rxf8+ Qxf8 38.f4 Nd7 39.Bg4 Nf6 40.Bf3 h6 41.Qe3 Qf7 42.Qd3 Rb2 43.Re1 Nd7
44.Bc1 Ra2 45.Qb5 Ra1 46.Bg4 Bc3 47.Rf1 Nf6 48.Bf3 Kg7 49.Qd3 Qe7 50.Kh2 Qf7
51.Rd1 Ng4+ 52.Bxg4 Rxc1 53.Rxc1 Qxf4+ 54.Qg3 Be5 55.Qxf4 Bxf4+  1/2-1/2

[Event "2nd Bundesliga West 2005-6"]
[Site "Austria AUT"]
[Date "2006.01.20"]
[Round "6"]
[White "Medvegy,Z"]
[Black "Bromberger,S"]
[Result "1/2-1/2"]
[WhiteElo "2478"]
[BlackElo "2481"]

1.d4 Nf6 2.c4 g6 3.Nc3 Bg7 4.e4 d6 5.Be2 O-O 6.Nf3 e5 7.Be3 Na6 8.O-O Ng4
9.Bg5 Qe8 10.h3 exd4 11.Nxd4 Nf6 12.Bd3 Nd7 13.Bc2 c6 14.Qd2 Nb4 15.Bb3 Nc5
16.Nc2 Bxc3 17.Qxc3 Nxe4 18.Qxb4 c5 19.Qe1 Nxg5 20.Ne3 Ne6 21.Nd5 Qd8 22.f4 Nd4
23.g4 Be6 24.Ne3 f5 25.Nc2 Qf6 26.Nxd4 Qxd4+ 27.Rf2 Rae8 28.Rd1 Qf6 29.Rxd6 fxg4
30.Re2 Qxf4 31.Rdxe6 Rxe6 32.Rxe6 gxh3 33.Qe2 Rf5 34.Re8+ Kg7 35.Re7+ Kh6
36.Re3 Rg5+ 37.Kh1 Rg3 38.Rxg3 Qxg3 39.Bd1 Qf4 40.Qf3 Kg5 41.b3 Qxf3+ 42.Bxf3 b6
43.Kh2 Kf4 44.Bc6 Ke3 45.a4 a5 46.Kxh3 Kd3  1/2-1/2

[Event "2nd Bundesliga West 2005-6"]
[Site "Austria AUT"]
[Date "2006.01.20"]
[Round "6"]
[White "Ager,J"]
[Black "Jedinger,A"]
[Result "0-1"]
[WhiteElo "2235"]
[BlackElo "2128"]

1.d4 Nf6 2.Nf3 g6 3.c4 Bg7 4.Nc3 O-O 5.e4 d6 6.Be2 Na6 7.O-O e5 8.Re1 Qe8
9.Bf1 c6 10.Rb1 Nc7 11.b3 exd4 12.Nxd4 Ng4 13.f4 Qe7 14.g3 d5 15.Bb2 dxe4
16.Nxe4 f5 17.Ng5 Qc5 18.Kg2 Rd8 19.Ngf3 Ne6 20.Rxe6 Bxe6 21.h3 Ne3+  0-1

[Event "Classic"]
[Site "Queenstown NZL"]
[Date "2006.01.20"]
[Round "6"]
[White "Green,Pet"]
[Black "Bennett,H"]
[Result "1-0"]
[WhiteElo "2255"]
[BlackElo "2077"]

1.d4 Nf6 2.Nf3 g6 3.c4 Bg7 4.Nc3 O-O 5.e4 d6 6.Be2 e5 7.O-O Na6 8.Be3 Ng4
9.Bg5 Qe8 10.h3 h6 11.Bc1 exd4 12.Nxd4 Nf6 13.Bf3 Nh7 14.Re1 Ng5 15.Bg4 Bxg4
16.hxg4 Ne6 17.Nf5 gxf5 18.exf5 Qd7 19.fxe6 fxe6 20.Be3 Qf7 21.Ne4 Qg6 22.Ng3 Nb4
23.Re2 Kh7 24.f3 Nd3 25.Nh5 Nxb2 26.Qb3 Nxc4 27.Nxg7 Na5 28.Qxe6 Qxg7 29.Qe4+ Kg8
30.Qd5+ Rf7 31.Rb1 Nc6 32.Rxb7 Ne7 33.Qe6 Qa1+ 34.Kf2 Qf6 35.Qxf6 Rxf6 36.Rxc7 Nd5
37.Rxa7 Re8 38.Bd4 Rxe2+ 39.Kxe2 Re6+ 40.Kf1 Nb4 41.Bf2 d5 42.Rd7 Nxa2 43.Rxd5 Nc3
44.Rc5 Nb1 45.Be1 Na3 46.Bb4 Ra6 47.Bxa3 Rxa3 48.Rc7  1-0

[Event "Open"]
[Site "Zagreb CRO"]
[Date "2006.01.20"]
[Round "7"]
[White "Saric,Ib"]
[Black "Martic,Z"]
[Result "1-0"]
[WhiteElo "2441"]
[BlackElo "2298"]

1.d4 Nf6 2.c4 g6 3.Nc3 Bg7 4.e4 d6 5.Nf3 O-O 6.Be2 e5 7.Be3 c6 8.d5 Ng4 9.Bg5 f6
10.Bh4 c5 11.Nd2 h5 12.h3 Nh6 13.g4 Na6 14.gxh5 g5 15.Bg3 f5 16.exf5 Bxf5
17.Nde4 Kh8 18.Bg4 Bh7 19.Qd2 Rf4 20.f3 Nc7 21.Kf2 Rb8 22.a4 Qe7 23.Kg2 Rbf8
24.Rhe1 Nf5 25.Bxf4 Nh4+ 26.Kh1 Rxf4 27.Qe2 Ne8 28.Rg1 Bh6 29.Ra3 Ng7 30.Ng3 Qf8
31.Nce4 Ngf5 32.Bxf5 Bxf5 33.Nxf5 Qxf5 34.Rg3 Qf8 35.a5 Nf5 36.Rg4 Nd4 37.Rxf4 Qxf4
38.Qd2 Qh4 39.Kg2 Kg7 40.Qf2 Qf4 41.Nxd6 Qc1 42.Rc3 Qd1 43.Qe3 Ne2 44.Qxe5+ Kh7
45.Qf5+ Kg8 46.Qf7+ Kh8 47.Qe8+  1-0

[Event "Winter Open"]
[Site "Belgrade SCG"]
[Date "2006.01.21"]
[Round "1"]
[White "Pantovic,D"]
[Black "Miladinovic,L"]
[Result "1-0"]
[WhiteElo "2129"]
[BlackElo "1765"]

1.d4 Nf6 2.c4 g6 3.Nc3 Bg7 4.e4 d6 5.Be2 O-O 6.Nf3 e5 7.d5 c6 8.Bg5 cxd5
9.Nxd5 Nbd7 10.Nd2 h6 11.Bh4 Qa5 12.b4 Qd8 13.O-O g5 14.Bg3 Nxd5 15.cxd5 Nf6
16.Kh1 Bd7 17.a4 a6 18.a5 Qe8 19.Rc1 Rc8 20.Rxc8 Qxc8 21.Qc1 Qb8 22.Qb1 Qe8
23.Nc4 Qe7 24.Nb6 Rb8 25.Rc1 Be8 26.Qc2 Rd8 27.f3 Bf8 28.Nc8 Qd7 29.Bf2 Qa4
30.Qxa4 Bxa4 31.Bb6 Rd7 32.Be3 Rd8 33.Nb6 Bb5 34.Bxb5 axb5 35.Nc8 Rd7 36.Na7 Nh5
37.g4 Nf4 38.Bxf4 gxf4 39.Nxb5 Kg7 40.Rc7 Rxc7 41.Nxc7 Be7 42.b5 Bd8 43.a6 bxa6
44.bxa6 Bxc7 45.a7 Bd8 46.a8=Q Be7 47.Qe8  1-0

[Event "Jovenes Promesas"]
[Site "Malaga ESP"]
[Date "2006.01.21"]
[Round "7"]
[White "Cruz Condori,A"]
[Black "Cruz Ravina,F"]
[Result "0-1"]
[WhiteElo "2254"]
[BlackElo "2290"]

1.Nf3 Nf6 2.c4 d6 3.d4 Nbd7 4.Nc3 e5 5.e4 g6 6.Be2 Bg7 7.O-O O-O 8.Re1 c6
9.Bf1 exd4 10.Nxd4 Re8 11.h3 Nc5 12.Bd3 d5 13.cxd5 Nxd3 14.Qxd3 Nxd5 15.Nxd5 cxd5
16.Nb5 Rxe4 17.Rxe4 Bf5 18.Bf4 Bxe4 19.Qb3 Qf6 20.Be3 Qxb2 21.Qxb2 Bxb2 22.Rd1 a6
23.Nd6 Ba3 24.Nxe4 dxe4 25.Rd7 b5 26.Kh2 Bf8 27.g4 b4 28.Kg3 a5 29.Kf4 a4
30.Kxe4 b3 31.axb3 a3 32.Bd4 a2 33.Ba1 Re8+ 34.Kd5 Re1 35.Bd4 a1=Q 36.Bxa1 Rxa1
37.Kc4 Rc1+ 38.Kb5 Rc3 39.b4 Rxh3 40.Rd8 Rb3 41.Ka5 Rxb4 42.Rxf8+ Kxf8 43.Kxb4 h5
44.gxh5 gxh5  0-1

[Event "4th Parsvnath Open"]
[Site "New Delhi IND"]
[Date "2006.01.21"]
[Round "9"]
[White "Sundararajan,K"]
[Black "Shashikant,K"]
[Result "1-0"]
[WhiteElo "2495"]
[BlackElo "2297"]

1.d4 Nf6 2.c4 g6 3.Nc3 Bg7 4.e4 d6 5.Nf3 O-O 6.Be2 e5 7.Be3 Na6 8.O-O Ng4
9.Bg5 Qe8 10.Re1 c6 11.h3 f6 12.Bd2 Nh6 13.Bf1 Nc7 14.b4 g5 15.c5 dxc5 16.bxc5 g4
17.hxg4 Nxg4 18.d5 Qh5 19.Bc4 Kh8 20.Ne2 cxd5 21.exd5 f5 22.Ng3 Qg6 23.Bc3 f4
24.Nf1 e4 25.Bxg7+ Kxg7 26.Qd4+ Nf6 27.Nh4 Qg5 28.Rxe4 Qxh4 29.Qe5 Nxd5 30.Bxd5 Bd7
31.Rxf4 Rae8 32.Qxe8  1-0

[Event "Classic"]
[Site "Queenstown NZL"]
[Date "2006.01.21"]
[Round "7"]
[White "Lakner,J"]
[Black "Donaldson,B"]
[Result "1/2-1/2"]
[WhiteElo "2207"]
[BlackElo "2012"]

1.c4 Nf6 2.Nc3 g6 3.e4 d6 4.d4 Bg7 5.Nf3 O-O 6.Be2 e5 7.O-O exd4 8.Nxd4 Re8
9.f3 Nc6 10.Be3 Nh5 11.f4 Nf6 12.Bf3 Bg4 13.Nxc6 Bxf3 14.Qxf3 bxc6 15.Rae1 Qc8
16.Bd4 c5 17.Bxf6 Bxf6 18.e5 Bg7 19.Nd5 Qe6 20.b3 dxe5 21.fxe5 Bxe5 22.Nf6+ Qxf6
23.Qxf6 Bxf6 24.Rxe8+ Rxe8 25.Rxf6 Re6 26.Rf3 f5 27.Kf2 Kf7 28.g4 Rf6 29.g5 Ra6
30.a4 Rd6 31.Rh3 Kg7 32.Re3 Rd7 33.Re5 h6 34.Rxc5 hxg5 35.b4 Kh6 36.b5 g4
37.Rd5 Re7 38.c5 Re4 39.Rd7 Rxa4 40.Rxc7 Rc4 41.c6 Rc5 42.Rxa7 Rxb5 43.Ke3 Rc5
44.Ra6 Kg5 45.Kd4 Rc1 46.Kd5 f4 47.Ra5 f3 48.Ra2 Kf4 49.Ra4+ Ke3 50.Re4+ Kd3
51.Rd4+ Ke3 52.Re4+ Kd2 53.Rd4+ Ke2  1/2-1/2

[Event "Winter Open"]
[Site "Belgrade SCG"]
[Date "2006.01.22"]
[Round "2"]
[White "Maksimovic,Ma"]
[Black "Martic,I"]
[Result "0-1"]
[WhiteElo "2102"]
[BlackElo "2233"]

1.d4 Nf6 2.c4 g6 3.Nc3 Bg7 4.e4 d6 5.Nf3 O-O 6.Be2 e5 7.Be3 h6 8.O-O Ng4
9.Bc1 Nc6 10.d5 Ne7 11.Ne1 f5 12.Bxg4 fxg4 13.Be3 c5 14.dxc6 bxc6 15.Qd2 Ba6
16.Nc2 Bxc4 17.Rfd1 d5 18.exd5 cxd5 19.Bxh6 d4 20.Bxg7 Kxg7 21.b3 Be6 22.Ne4 Bf5
23.Re1 Rc8 24.Na3 Nd5 25.Nc4 Nf4 26.Ng3 Rxc4 27.bxc4 Qa8 28.f3 gxf3 29.Rxe5 Bd3
30.Rd5 fxg2 31.Ne4 Nh3+ 32.Kxg2 Bxe4+ 33.Kxh3 Qc8+ 34.Kh4 Rh8+ 35.Kg5 Rh5+
36.Kf4 Bxd5 37.Qxd4+ Kh7 38.cxd5 Rh4+ 39.Ke5 Rxd4 40.Kxd4 Qg4+ 41.Kc5 Qc8+
42.Kd6 Qf8+ 43.Kc6 Qf6+ 44.d6 Qxa1 45.d7 Qd4 46.Kc7 Qc5+ 47.Kb7 Qd6 48.Kc8 Qc6+  0-1

[Event "Gibtelecom Masters"]
[Site "Gibraltar ENG"]
[Date "2006.01.24"]
[Round "1"]
[White "Gyimesi,Z"]
[Black "Speck,N"]
[Result "1-0"]
[WhiteElo "2602"]
[BlackElo "2371"]

1.d4 Nf6 2.c4 g6 3.Nc3 Bg7 4.e4 d6 5.Nf3 O-O 6.Be2 e5 7.O-O Nbd7 8.Be3 Qe7
9.Qc2 c6 10.Rad1 h6 11.d5 c5 12.Ne1 Nh7 13.g3 f5 14.Ng2 Ng5 15.exf5 gxf5
16.f4 exf4 17.Bxf4 Ne5 18.Kh1 Bd7 19.Nh4 Qf6 20.Bxe5 dxe5 21.Bg4 fxg4 22.Rxf6 Rxf6
23.Ne4 Nxe4 24.Qxe4 Raf8 25.Kg1 R8f7 26.d6 Bf8 27.Ng6 Bxd6 28.Nxe5 Bxe5 29.Qxe5 b6
30.h3 Bc6 31.hxg4 Kh7 32.g5 hxg5 33.Qxg5 Rf2 34.Qh5+ Kg7 35.Qg4+ Kh7 36.Qh3+ Kg7
37.Rd6 Rg2+ 38.Qxg2 Bxg2 39.Kxg2 Rb7 40.b3 a6 41.Rc6 Rd7 42.a4 Rb7 43.Kf3  1-0

[Event "IM"]
[Site "Marianske Lazne CZE"]
[Date "2006.01.24"]
[Round "4"]
[White "Poulsen,I"]
[Black "Weinwurm,W"]
[Result "0-1"]
[WhiteElo "2196"]
[BlackElo "2206"]

1.Nf3 Nf6 2.c4 g6 3.Nc3 Bg7 4.e4 d6 5.d4 O-O 6.Be2 Nbd7 7.O-O e5 8.Qc2 exd4
9.Nxd4 Re8 10.Rd1 Nc5 11.f3 a5 12.Be3 Nfd7 13.Bf2 Qg5 14.Nd5 Na6 15.Qd2 Qxd2
16.Rxd2 c6 17.Ne3 Ndc5 18.Rad1 a4 19.Rb1 f5 20.exf5 Bh6 21.Ndc2 Bxf5 22.Rbd1 Bxc2  0-1

[Event "Classic"]
[Site "Queenstown NZL"]
[Date "2006.01.24"]
[Round "10"]
[White "Hecht,HJ"]
[Black "Bjelobrk,I"]
[Result "1/2-1/2"]
[WhiteElo "2388"]
[BlackElo "2399"]

1.d4 Nf6 2.c4 g6 3.Nc3 Bg7 4.e4 d6 5.Nf3 O-O 6.Be2 Na6 7.O-O e5 8.Re1 Bg4
9.Be3 exd4 10.Bxd4 Bxf3 11.Bxf3 Nb4 12.Be3 Nd7 13.Qd2 Nc6 14.Be2 Nc5 15.f3 Ne6
16.f4 Ncd4 17.Bd3 f5 18.Rf1 c6 19.Rae1 Kh8 20.Kh1 Qf6 21.exf5 gxf5 22.Ne2 Qf7
23.Nxd4 Nxd4 24.Bxd4 Bxd4 25.Bxf5 Qxc4 26.Be6 Qc5 27.Rd1 Be3 28.Qxd6 Qxd6
29.Rxd6 Rxf4 30.Rxf4  1/2-1/2

[Event "Gibtelecom Masters"]
[Site "Gibraltar ENG"]
[Date "2006.01.25"]
[Round "2"]
[White "Sundararajan,K"]
[Black "Gilbert,Je"]
[Result "0-1"]
[WhiteElo "2495"]
[BlackElo "2098"]

1.d4 g6 2.Nf3 Bg7 3.c4 Nf6 4.Nc3 d6 5.e4 O-O 6.Be2 e5 7.Be3 h6 8.O-O Ng4
9.Bc1 Nc6 10.d5 Ne7 11.Nd2 h5 12.b4 f5 13.c5 Nf6 14.a4 Bh6 15.exf5 Nxf5 16.Bd3 Kg7
17.Bb2 Nh4 18.Nde4 Ng4 19.h3 Nxg2 20.hxg4 Bxg4 21.f3 Bh3 22.Bc1 Ne3 23.Bxe3 Bxe3+
24.Kh1 Bxf1 25.Qxf1 Rf4 26.Ra2 Qf8 27.Kg2 h4 28.Ng5 h3+ 29.Nxh3 Rh4 30.Nd1 Bd4
31.Re2 Rxh3 32.Kxh3 Qf4  0-1

[Event "II Open del Mercantil"]
[Site "Sevilla ESP"]
[Date "2006.01.26"]
[Round "7"]
[White "Lopez Rodriguez,F"]
[Black "Garcia Luque,A"]
[Result "0-1"]
[WhiteElo "2153"]
[BlackElo "2355"]

1.d4 Nf6 2.c4 g6 3.Nc3 Bg7 4.e4 d6 5.Nf3 O-O 6.Be2 e5 7.O-O Na6 8.d5 Nc5
9.Qc2 a5 10.Nd2 Ne8 11.Nb3 f5 12.Nxc5 dxc5 13.Be3 b6 14.f3 f4 15.Bf2 h5 16.a3 g5
17.h3 Rf6 18.b4 Rg6 19.bxc5 g4 20.hxg4 hxg4 21.fxg4 Qg5 22.cxb6 Bxg4 23.Be1 Bf8
24.Bxg4 Qxg4 25.Na4 cxb6 26.Ra2 Rc8 27.Qd3 Qd7 28.Qb3 Qh7 29.Rf3 Rh6 30.Rh3 Qxe4
31.Bf2 Rg6 32.Qf3 Qb1+ 33.Kh2 Nf6 34.Rb2 Qf5 35.Nxb6 Ng4+ 36.Kh1 e4 37.Qb3 f3
38.Bd4 f2 39.Rh8+ Kf7 40.Bxf2 Nxf2+ 41.Rxf2 Qxf2 42.Rxf8+ Rxf8  0-1

[Event "Gibtelecom Masters"]
[Site "Gibraltar ENG"]
[Date "2006.01.27"]
[Round "4"]
[White "Mohota,N"]
[Black "Hickman,J"]
[Result "1-0"]
[WhiteElo "2318"]
[BlackElo "2082"]

1.d4 d6 2.Nf3 g6 3.c4 Bg7 4.e4 Nf6 5.Nc3 O-O 6.Be2 e5 7.Be3 Na6 8.O-O Ng4
9.Bg5 Qe8 10.dxe5 dxe5 11.h3 h6 12.Bc1 Nf6 13.Be3 Qe7 14.Nd5 Qd8 15.Qc2 c6
16.Nxf6+ Qxf6 17.c5 Nc7 18.Rfd1 Be6 19.Rd6 Rfe8 20.Qd2 Kh7 21.Rd1 Qe7 22.Qb4 Rab8
23.Bc4 Bxc4 24.Qxc4 Ne6 25.Qa4 Nd4 26.Nxd4 exd4 27.Bxd4 Qxe4 28.Qxa7 Qc2
29.Bxg7 Kxg7 30.R6d2 Qc4 31.Rd7 Qb4 32.Qa3 Qxa3 33.bxa3 Re2 34.Rc7 Rxa2 35.Rdd7 Ra1+
36.Kh2 Kf6 37.Rxf7+ Ke5 38.Rcd7 Rxa3 39.Rd6 Rc3 40.Re7+ Kf5 41.g4+ Kg5 42.Rg7 Rxc5
43.Kg3  1-0

[Event "11th HIT Open A"]
[Site "Nova Gorica SLO"]
[Date "2006.01.27"]
[Round "2"]
[White "Saric,A"]
[Black "Nevednichy,V"]
[Result "1/2-1/2"]
[WhiteElo "2455"]
[BlackElo "2581"]

1.d4 Nf6 2.Nf3 g6 3.c4 Bg7 4.Nc3 O-O 5.e4 d6 6.Be2 Nbd7 7.O-O e5 8.Re1 Re8
9.Bf1 a6 10.d5 a5 11.Bg5 h6 12.Bh4 g5 13.Bg3 Nh5 14.Nd2 Nf4 15.f3 h5 16.Bf2 Nc5
17.Nb3 b6 18.Qd2 Kh7 19.Be3 Bh6 20.Nd1 Rh8 21.Nf2 Kg7 22.g3 Ng6 23.Bh3 Bxh3
24.Nxh3 f6 25.Nf2 Qd7 26.Nd1 a4 27.Nc1 g4 28.Bxh6+ Rxh6 29.Ne3 Ne7 30.Nd3 gxf3
31.Nxc5 bxc5 32.Rf1 f5 33.exf5 Nxf5 34.Rxf3 Nd4 35.Rf2 Rf8 36.Rxf8 Kxf8 37.Rf1+ Kg7
38.Qf2 Qe8 39.Nf5+ Nxf5 40.Qxf5 Rg6 41.Rf2 h4 42.g4 Qe7 43.h3 Rg5 44.Qe4 Rg6
45.Rf5 Rg5 46.Rf2 Rg6 47.Qf5 Rg5 48.Qe6 Qxe6 49.dxe6 e4 50.Rf7+ Kg6 51.Rxc7 Re5
52.e7 e3 53.Kf1 e2+ 54.Ke1 Kg5 55.Rd7 Kf4 56.Rxd6 Rxe7 57.Rd3 Re4 58.Rc3 Re8
59.Ra3 Rb8 60.b3 axb3 61.Rxb3 Re8 62.Rd3 Ra8 63.a3 Ra4 64.Rc3 Ke4 65.Kxe2 Kd4
66.Rf3 Ra8 67.Rf4+ Ke5 68.Rf5+ Kd4 69.Rf4+ Ke5 70.Rf3 Kd4 71.g5 Kxc4 72.Rf4+ Kd5
73.Rxh4 Rxa3 74.Rh8 Ke4 75.Kd2 Rg3 76.h4 c4 77.Rg8 c3+ 78.Kc2 Kf5 79.Rh8 Kg6
80.Rh6+ Kg7 81.Kb3 Rh3 82.h5 Rg3 83.Rg6+ Kh7 84.Kc2 Rh3 85.Rh6+ Kg7 86.Rg6+  1/2-1/2

[Event "Winter Open"]
[Site "Belgrade SCG"]
[Date "2006.01.28"]
[Round "8"]
[White "Sarovski,N"]
[Black "Miladinovic,L"]
[Result "1-0"]
[WhiteElo "2071"]
[BlackElo "1765"]

1.Nf3 Nf6 2.c4 g6 3.d4 Bg7 4.Nc3 d6 5.e4 O-O 6.Be2 e5 7.O-O exd4 8.Nxd4 c6
9.Kh1 d5 10.cxd5 cxd5 11.e5 Ne4 12.f4 Nxc3 13.bxc3 Nc6 14.Ba3 Re8 15.Nb5 Qa5
16.Bd6 Rd8 17.Bc7 b6 18.Bxd8 Nxd8 19.Nc7 Rb8 20.Qxd5 Qxd5 21.Nxd5 Bb7 22.Bf3 Ne6
23.a4 Kh8 24.h4 h5 25.a5 Rd8 26.c4 Bxd5 27.Bxd5 Rd7 28.g3 Nd4 29.axb6 axb6
30.Rfd1 Ne2 31.Kg2 Bf8 32.Ra8 Kg7 33.Kf3 Nc3 34.Rd3 Bb4 35.Rb8 Ba5 36.Rxc3 Bxc3
37.Rxb6 Bd4 38.Rb3 Rc7 39.g4 hxg4+ 40.Kxg4 Re7 41.Rh3 Bc5 42.h5 gxh5+ 43.Rxh5 Kg6
44.f5+ Kg7 45.f6+  1-0

[Event "Winter Open"]
[Site "Belgrade SCG"]
[Date "2006.01.28"]
[Round "8"]
[White "Damjanovic,D"]
[Black "Nikolic,Mo"]
[Result "0-1"]
[WhiteElo "2290"]
[BlackElo "2246"]

1.d4 Nf6 2.c4 g6 3.Nc3 Bg7 4.e4 d6 5.Be2 O-O 6.Nf3 e5 7.dxe5 dxe5 8.Qxd8 Rxd8
9.Bg5 Nc6 10.Nd5 Nxd5 11.Bxd8 Nf4 12.Bxc7 Bg4 13.h3 Nxg2+ 14.Kf1 Bxf3 15.Bxf3 Nf4
16.Rd1 Rc8 17.Rd7 h5 18.Bd1 Ne6 19.Bd6 Ncd4 20.b3 b5 21.c5 Nxc5 22.Bxc5 Rxc5
23.Rxa7 Rc1 24.Kg2 b4 25.a4 bxa3 26.Rxa3 Bf8 27.Ra2 Rc3 28.Re1 Ne6 29.Re3 Nf4+
30.Kh2 Rc1 31.Be2 Kg7 32.Bc4 Bc5 33.Rf3 f6 34.Rd2 h4 35.Bb5 Kh6 36.Bc4 Kg5
37.Bd3 Bb4 38.Rc2 Nxd3 39.Rxc1 Nxc1 40.Kg2 f5 41.Kf1 f4 42.Kg2 Kf6  0-1